Statistiques concernant Quel jour de l'année est-ce ? - Click Quiz

Cliquez ici pour prendre le quiz!

Statistiques générales

  • Ce quiz a été pris 55 fois
  • Le résultat moyen est 9 sur 50

Statistiques - réponses

HintRéponse% Correct
22 Février 2018Jeudi
35%
15 Novembre 2010Lundi
30%
15 Avril 2013Lundi
28%
7 Février 2011Lundi
28%
1 Juin 2010Mardi
28%
8 Aout 2016Lundi
26%
26 Aout 2013Lundi
26%
19 Février 2012Dimanche
24%
20 Juin 2013Jeudi
24%
23 Aout 2010Lundi
22%
24 Avril 2012Mardi
22%
13 Novembre 2018Mardi
22%
25 Novembre 2017Samedi
22%
7 Avril 2019Dimanche
20%
21 Décembre 2017Jeudi
20%
6 Septembre 2012Jeudi
20%
14 Janvier 2016Jeudi
20%
16 Avril 2012Lundi
20%
18 Mai 2015Lundi
20%
25 Juillet 2017Mardi
20%
27 Mai 2014Mardi
20%
20 Aout 2017Dimanche
17%
20 Octobre 2019Dimanche
17%
14 Octobre 2015Mercredi
17%
2 Juillet 2011Samedi
17%
3 Février 2017Vendredi
17%
22 Septembre 2019Dimanche
15%
21 Décembre 2014Dimanche
15%
27 Mai 2012Dimanche
15%
8 Novembre 2012Jeudi
15%
3 Aout 2017Jeudi
15%
12 Mai 2020Mardi
15%
12 Janvier 2016Mardi
15%
14 Juillet 2010Mercredi
15%
7 Novembre 2012Mercredi
15%
9 Juillet 2011Samedi
15%
21 Avril 2017Vendredi
15%
27 Avril 2010Mardi
13%
8 Mai 2010Samedi
13%
18 Mars 2017Samedi
13%
11 Juillet 2018Mercredi
11%
5 Juin 2013Mercredi
11%
2 Janvier 2016Samedi
11%
5 Avril 2019Vendredi
11%
23 Décembre 2011Vendredi
9%
28 Septembre 2012Vendredi
9%
20 Aout 2013Mardi
7%
21 Septembre 2016Mercredi
7%
23 Octobre 2020Vendredi
4%
8 Octobre 2010Vendredi
2%

Distribution des résultats

Percentile par nombre de réponses

% des personnes avec chaque résultat

Votre développement - résultats

Vous n’avez pas pris ce quiz